000 01782nam a22002657a 4500
001 4321
003 FISKH
005 20251204161435.0
008 240718b cb ||||| |||| 00| 0 eng d
020 _a9781597071093
040 _aFISKH
_beng
_cFISKH
_dFISKH
050 _aPN6728.B533
082 _a741.5
100 _aFarshtey, Greg
245 _aBionicle, Vol. 1:
_bRise of the Toa Nuva /
_cWriter ; Gre Farshtey ; Artist : Carlos D'anda, Randy Elliott
250 _aThis edition published in 2008
260 _aNew York :
_bPapercutz,
_c2000
300 _a106 unnumbered pages :
_bcolor illustrations ;
_c20 cm
520 _aSix mighty heroes--the Toa--arrive on a tropical island to find a land under siege. The Great Spirit Mata Nui has been cast into an unending sleep by the evil Makuta. Now Makuta is attacking the island's Matoran villagers with vicious Rahi beasts. The Toa must combine their skills and elemental and mask powers to defeat Makuta and restore peace to the island. In the second story, The Toa return to the island named for Mata Nui to find it is being overrun by mechanical insects called Bohrok. These Bohrok have been unleashed by Makuta and are rapidly destroying trees, mountains, rivers, villages and anything else in their path. After a long, difficult battle, the Toa are able to defeat the queens of the swarms and end the Bohrok threat...for now. During the fight, the heroes are transformed into Toa Nuva, with new armor, new weapons, and new Masks of Power.
650 _aGraphic Novels
_vScience Fiction
_xComic Book
700 _aD'anda, Carlos
_eillustrator
700 _aElliott, Randy
_eillustrator
942 _2ddc
_cBK
_n0
999 _c4321
_d4321